| 000 | 00608cam a2200241ua 4500 | ||
|---|---|---|---|
| 020 |
_a0-07-462446-6 _c225.00 |
||
| 041 |
_aeng _h |
||
| 082 |
_a532.54 _bSUB/FL |
||
| 100 | _aSubramanya, K . | ||
| 245 |
_aFlow in open channels / _cK.Subramanya. _hTextual Documents |
||
| 250 |
_a2 / _b. |
||
| 260 |
_aNew Delhi : _bTata Mc-Graw Hill Publishing Company , _c2004. |
||
| 300 | _a530 ; . | ||
| 365 | _a225.00 | ||
| 504 | _a | ||
| 942 | _cBK | ||
| 999 |
_c12267 _d12267 |
||